[Event "Mindsports"]
[Site "Beijing CHN"]
[Date "2008.10.13"]
[EventDate "2008.10.13"]
[Round "3"]
[Result "0-1"]
[White "Jennifer Shahade"]
[Black "N Azarova"]
[WhiteElo "2322"]
[BlackElo "2308"]
[PlyCount "76"]

1. e4 c5 2. Nf3 d6 3. d4 cxd4 4. Qxd4 a6 5. Bg5 Nf6 6. Nc3 Nc6
7. Qd2 e6 8. O-O-O Be7 9. Kb1 O-O 10. Bd3 Qc7 11. h4 b5 12. h5
Ne5 13. h6 g6 14. Qf4 Nfg4 15. Nxe5 Nxe5 16. Qh4 Bxg5 17. Qxg5
f6 18. Qg3 Bb7 19. f4 Nxd3 20. cxd3 f5 21. exf5 exf5 22. Rhe1
Rfe8 23. Qg5 Qf7 24. g4 Bf3 25. Rc1 Bxg4 26. Qh4 Bf3 27. Qg3
Bb7 28. Re3 b4 29. Ne2 Bd5 30. b3 a5 31. Nd4 a4 32. Rxe8+ Rxe8
33. Nc6 axb3 34. Nxb4 bxa2+ 35. Ka1 Qf6+ 36. d4 Qxd4+ 37. Qc3
Qxc3+ 38. Rxc3 Re1+ 0-1

[Event "Mindsports"]
[Site "Beijing CHN"]
[Date "2008.10.13"]
[EventDate "2008.10.13"]
[Round "5"]
[Result "0-1"]
[White "Jennifer Shahade"]
[Black "Dana Reizniece"]
[WhiteElo "2322"]
[BlackElo "2335"]
[PlyCount "136"]

1. e4 d6 2. d4 Nf6 3. Nc3 g6 4. h3 c6 5. a4 Nbd7 6. Nf3 Bg7
7. Be2 Qc7 8. O-O O-O 9. Be3 e5 10. Qd2 Re8 11. dxe5 dxe5
12. Rfd1 Nf8 13. Qd6 Qxd6 14. Rxd6 Be6 15. Rad1 h6 16. Nd2
N8d7 17. Nc4 Bf8 18. R6d2 Kg7 19. Nd6 Reb8 20. a5 b6 21. a6
Rd8 22. Bc4 Bxc4 23. Nxc4 Be7 24. Nd6 Nf8 25. Nb7 Rxd2
26. Rxd2 Ne6 27. f3 Nc7 28. Nd6 Nxa6 29. Nc4 Nb4 30. Nxe5 Rd8
31. Rxd8 Bxd8 32. Bf2 Bc7 33. f4 Bxe5 34. fxe5 Nd7 35. Bg3
Nxc2 36. Kf2 Nd4 37. Ke3 Ne6 38. Be1 Nxe5 39. Ne2 Nc4+ 40. Kf2
Kf8 41. Bb4+ c5 42. Bc3 b5 43. b3 Nb6 44. Be5 Ke7 45. Ke3 f6
46. Bb8 a6 47. Ba7 Nc8 48. Bb8 Kd7 49. e5 fxe5 50. Bxe5 Ne7
51. Kd3 Kc6 52. h4 Nf5 53. Bf6 a5 54. g4 Nd6 55. h5 gxh5
56. gxh5 a4 57. bxa4 bxa4 58. Ng3 a3 59. Kc2 Nf4 60. Bg7 Nd5
61. Bxh6 Nb4+ 62. Kb1 a2+ 63. Ka1 Nc4 64. Bc1 Kb5 65. Ne4 Ne5
66. h6 Nf7 67. h7 Kc4 68. Nd6+ Kb3 0-1

[Event "Mindsports"]
[Site "Beijing CHN"]
[Date "2008.10.13"]
[EventDate "2008.10.13"]
[Round "6"]
[Result "0-1"]
[White "Victoria Johansson"]
[Black "Jennifer Shahade"]
[WhiteElo "2179"]
[BlackElo "2322"]
[PlyCount "73"]

1. d4 Nf6 2. c4 e6 3. Nc3 Bb4 4. e3 b6 5. f3 O-O 6. Bd3 d5
7. Nge2 dxc4 8. Bxc4 Ba6 9. Bxa6 Nxa6 10. Qa4 Qc8 11. O-O c5
12. dxc5 Bxc5 13. Kh1 Nc7 14. e4 e5 15. Bg5 Be7 16. Rac1 Qb7
17. Ng3 Ne6 18. Bxf6 Bxf6 19. Nd5 Bg5 20. Rc2 Rac8 21. Rxc8
Rxc8 22. Nf5 Nc5 23. Qb5 Rd8 24. b4 Ne6 25. h3 g6 26. Nfe3 Nd4
27. Qd3 Kg7 28. Ng4 Re8 29. Nxe5 Rxe5 30. Qxd4 f6 31. f4 Bxf4
32. Nxf4 Rxe4 33. Qd6 Qf7 34. Rd1 Qxa2 35. Qc7+ Kh6 36. Qc1 g5
37. Nd3 0-1

[Event "Mindsports"]
[Site "Beijing CHN"]
[Date "2008.10.13"]
[EventDate "2008.10.13"]
[Round "7"]
[Result "1-0"]
[White "Jennifer Shahade"]
[Black "Hoang Thi Nhu Y"]
[WhiteElo "2322"]
[BlackElo "2127"]
[PlyCount "73"]

1. e4 c6 2. d4 d5 3. exd5 cxd5 4. c4 Nf6 5. Nc3 e6 6. Nf3 Be7
7. cxd5 Nxd5 8. Bd3 a6 9. O-O O-O 10. Re1 Nc6 11. a3 Bf6
12. Be4 Nxc3 13. bxc3 Bd7 14. Qd3 g6 15. Rb1 b5 16. Bh6 Re8
17. c4 bxc4 18. Qxc4 Na5 19. Qe2 Bc6 20. Red1 Bxe4 21. Qxe4
Qd5 22. Qf4 Bh8 23. Ne5 Ra7 24. Rbc1 Rd8 25. h4 Qd6 26. Qf3
Re8 27. Ng4 f5 28. Ne5 Qxe5 29. Bd2 Rd7 30. Bc3 Qb5 31. Re1
Nc6 32. h5 Kf7 33. Qh3 Qb8 34. hxg6+ Kxg6 35. Re3 f4 36. Qg4+
Kf7 37. Qg7+ 1-0

[Event "Mindsports"]
[Site "Beijing CHN"]
[Date "2008.10.13"]
[EventDate "2008.10.13"]
[Round "8"]
[Result "1-0"]
[White "A Enxtuul"]
[Black "Jennifer Shahade"]
[WhiteElo "1977"]
[BlackElo "2322"]
[PlyCount "87"]

1. d4 Nf6 2. g3 c5 3. Bg2 g6 4. Nf3 Bg7 5. O-O cxd4 6. Nxd4
O-O 7. c3 Nc6 8. Bf4 Qb6 9. Nb3 e5 10. Be3 Qd8 11. Bc5 Re8
12. Bd6 e4 13. e3 Ne5 14. Na3 b6 15. Nb5 Ba6 16. a4 Bxb5
17. axb5 Nc4 18. Rb1 Re6 19. Bb4 Ne5 20. Nd4 Re8 21. b3 Nd3
22. Bd6 Rc8 23. c4 Nc5 24. Bxc5 bxc5 25. Nc2 d5 26. Ra1 d4
27. exd4 cxd4 28. Nxd4 Qb6 29. Nc6 a5 30. Rxa5 e3 31. fxe3
Rxc6 32. Bxc6 Qxa5 33. Bxe8 Nxe8 34. Qd5 Qa7 35. b6 Qe7
36. Rf3 Nd6 37. c5 Nb7 38. c6 Qb4 39. Qxf7+ Kh8 40. Qe8+ Bf8
41. Rxf8+ Kg7 42. Rg8+ Kh6 43. Qf8+ Qxf8 44. Rxf8 1-0

[Event "Mindsports"]
[Site "Beijing CHN"]
[Date "2008.10.13"]
[EventDate "2008.10.13"]
[Round "9"]
[Result "0-1"]
[White "Jennifer Shahade"]
[Black "Tania Sachdev"]
[WhiteElo "2322"]
[BlackElo "2425"]
[PlyCount "85"]

1. e4 c5 2. Nf3 e6 3. c3 d5 4. exd5 Qxd5 5. d4 Nf6 6. Bd3 Nc6
7. O-O Be7 8. Be3 cxd4 9. cxd4 O-O 10. Nc3 Qd6 11. Qd2 a6
12. Rad1 Nb4 13. Bb1 Nbd5 14. Bg5 h6 15. Bh4 b5 16. Nxd5 Nxd5
17. Qd3 f5 18. Bxe7 Qxe7 19. Ne5 Bb7 20. Ng6 Qg5 21. Qg3 Rfe8
22. Qxg5 hxg5 23. Rfe1 Rad8 24. h3 Kf7 25. Ne5+ Kf6 26. a3 Nf4
27. f3 Rd6 28. Rc1 Re7 29. Rcd1 Bd5 30. Kf2 Bb3 31. Rd2 Rc7
32. Ke3 Rc8 33. Nd3 Nxd3 34. Bxd3 Rcd8 35. Bf1 Rc8 36. Ree2
Rc1 37. Rd3 Bc4 38. Rc3 Rxf1 39. Rd2 Rb1 40. g3 e5 41. dxe5+
Kxe5 42. f4+ gxf4+ 43. gxf4+ 0-1

[Event "Mindsports"]
[Site "Beijing CHN"]
[Date "2008.10.13"]
[EventDate "2008.10.13"]
[Round "10"]
[Result "0-1"]
[White "Zuzana Borosova"]
[Black "Jennifer Shahade"]
[WhiteElo "2234"]
[BlackElo "2322"]
[PlyCount "98"]

1. e4 c5 2. Nf3 g6 3. d4 cxd4 4. Qxd4 Nf6 5. Bb5 a6 6. e5 axb5
7. exf6 Nc6 8. fxe7 Qxe7+ 9. Qe3 Qxe3+ 10. Bxe3 Bg7 11. c3 b4
12. O-O O-O 13. a3 bxa3 14. Nxa3 d5 15. Nb5 Rxa1 16. Rxa1 Bg4
17. Nfd4 Ne5 18. b3 Rc8 19. Ra7 Nc6 20. Rxb7 Nxd4 21. Nxd4
Rxc3 22. h3 Bc8 23. Rb8 Be5 24. Rb5 Be6 25. b4 Rd3 26. g3 Bxd4
27. Bh6 Rc3 28. Rb8+ Rc8 29. Rb7 Bxh3 30. Kh2 Bf5 31. b5 Be4
32. b6 Bxf2 33. Kh3 Bd4 34. Kh2 Bg7 35. Bf4 Rc2+ 36. Kg1 h6
37. Rb8+ Kh7 38. b7 Rb2 39. Kf1 Rb1+ 40. Ke2 d4 41. Bd6 Rxb7
42. Rd8 Rb2+ 43. Kd1 d3 44. Bf4 Bf3+ 45. Kc1 Rg2 46. Rd7 Bb2+
47. Kb1 Kg7 48. Rd6 Be4 49. Be3 d2+ 0-1

[Event "Mindsports"]
[Site "Beijing CHN"]
[Date "2008.10.14"]
[EventDate "2008.10.14"]
[Round "1"]
[Result "0-1"]
[White "Jennifer Shahade"]
[Black "Jovanka Houska"]
[WhiteElo "2322"]
[BlackElo "2399"]
[PlyCount "78"]

1. e4 c6 2. d4 d5 3. exd5 cxd5 4. c4 Nf6 5. Nc3 e6 6. Nf3 Bb4
7. cxd5 Nxd5 8. Qc2 Nc6 9. Be2 O-O 10. O-O Nf6 11. Rd1 Be7
12. a3 Bd7 13. d5 exd5 14. Nxd5 Nxd5 15. Rxd5 Qc8 16. Bd3 g6
17. Bh6 Re8 18. Qc3 Bf8 19. Bxf8 Rxf8 20. Ng5 f6 21. Bc4 Kg7
22. Rad1 Bf5 23. Rxf5 Qxf5 24. Ne6+ Kh8 25. Nxf8 Rxf8 26. h3
Rc8 27. Bd3 Qe5 28. Qxe5 Nxe5 29. Be4 Rc7 30. Rd8+ Kg7 31. Rd2
f5 32. Bd5 Rd7 33. Rd1 Nc4 34. Bf3 Rxd1+ 35. Bxd1 Nxb2 36. Be2
Kf6 37. Kf1 Ke5 38. Ke1 Kd4 39. a4 Nxa4 0-1

[Event "Mindsports"]
[Site "Beijing CHN"]
[Date "2008.10.15"]
[EventDate "2008.10.14"]
[Round "3"]
[Result "0-1"]
[White "Jennifer Shahade"]
[Black "Victoria Johansson"]
[WhiteElo "2322"]
[BlackElo "2179"]
[PlyCount "72"]

1. e4 c5 2. Nf3 Nc6 3. c3 Nf6 4. e5 Nd5 5. d4 cxd4 6. cxd4 d6
7. Bc4 Nb6 8. Bb5 d5 9. Bg5 h6 10. Bh4 Bf5 11. Nc3 Qd7 12. O-O
e6 13. Na4 Nxa4 14. Qxa4 Rc8 15. Bxc6 bxc6 16. Rac1 c5 17. Qa5
c4 18. b3 g5 19. Bg3 Bd3 20. Rfd1 Be7 21. Ne1 Bd8 22. Qb4 Be7
23. Qa5 Bd8 24. Qb4 Be7 25. Qa5 Bg6 26. bxc4 dxc4 27. d5 Rc5
28. Qb4 Rxd5 29. Rxd5 Bxb4 30. Rxd7 Kxd7 31. Nc2 Bd2 32. Rd1
c3 33. Ne3 Ke7 34. Kf1 Bd3+ 35. Kg1 Rc8 36. h4 c2 0-1

[Event "Mindsports"]
[Site "Beijing CHN"]
[Date "2008.10.15"]
[EventDate "2008.10.14"]
[Round "5"]
[Result "0-1"]
[White "Jennifer Shahade"]
[Black "Olga Zimina"]
[WhiteElo "2322"]
[BlackElo "2368"]
[PlyCount "70"]

1. e4 e5 2. Nf3 Nc6 3. Bc4 Nf6 4. d3 Bc5 5. O-O d6 6. a4 a6
7. c3 O-O 8. Re1 Ba7 9. Be3 Bxe3 10. fxe3 d5 11. exd5 Nxd5
12. Nbd2 Nb6 13. Qe2 Nxc4 14. Nxc4 e4 15. dxe4 Qe7 16. e5 Bg4
17. h3 Bh5 18. a5 Rae8 19. b3 f6 20. e6 Qxe6 21. Qf2 Qe4
22. Rad1 Ne5 23. Ncxe5 fxe5 24. Rd7 Qc6 25. Red1 e4 26. Qg3
Qf6 27. R1d5 exf3 28. Rxh5 Rxe3 29. gxf3 Rxf3 30. Qh4 Qg6+
31. Rg5 Qb1+ 32. Kh2 Rf2+ 33. Rg2 Rxg2+ 34. Kxg2 Qf1+ 35. Kh2
Rf2+ 0-1

[Event "Mindsports"]
[Site "Beijing CHN"]
[Date "2008.10.16"]
[EventDate "2008.10.14"]
[Round "7"]
[Result "0-1"]
[White "Jennifer Shahade"]
[Black "Sengeravdan Otgonjargal"]
[WhiteElo "2322"]
[BlackElo "2142"]
[PlyCount "186"]

1. e4 e5 2. Nf3 Nc6 3. Bc4 Bc5 4. O-O d6 5. c3 Nf6 6. d4 exd4
7. cxd4 Bb6 8. Nc3 Bg4 9. Be3 O-O 10. Qd3 h6 11. Bb3 Bh5
12. Nh4 Re8 13. Nf5 Bg6 14. Qd1 Nxe4 15. Qg4 Qf6 16. Nh4 Nxc3
17. Nxg6 Re4 18. Nf4 Rxf4 19. Bxf4 Qxf4 20. Bxf7+ Kf8 21. Bh5
Qxg4 22. Bxg4 Ne4 23. d5 Ne5 24. Bf5 Nf6 25. Be6 Ke7 26. Rfe1
c6 27. Rad1 cxd5 28. Bxd5 Nxd5 29. Rxd5 Ke6 30. Red1 Bc5
31. Kf1 Rf8 32. R5d2 Ng4 33. Re2+ Kd7 34. Rdd2 Nxh2+ 35. Ke1
Ng4 36. f3 Nf6 37. a3 a5 38. Rc2 Re8 39. Rxe8 Nxe8 40. Rc4 Nf6
41. b4 axb4 42. axb4 b5 43. Rh4 Bb6 44. Kd2 Nd5 45. Re4 Nf6
46. Rh4 Ke6 47. Rh1 Nd5 48. Re1+ Kf6 49. Re8 Nxb4 50. Rb8 Nd5
51. Rf8+ Ke6 52. Rg8 Kf7 53. Rb8 b4 54. Kd3 Bc5 55. Rb7+ Kf6
56. Kc4 Ne3+ 57. Kd3 Nxg2 58. Rb8 Ne3 59. Rc8 Nd5 60. Rf8+ Ke7
61. Rg8 Kf7 62. Rc8 Nf6 63. Rc7+ Kg6 64. Rb7 Nd5 65. Rb5 Kf6
66. Rb7 h5 67. Rb8 Nf4+ 68. Ke4 Ng6 69. Ra8 h4 70. f4 h3
71. Ra1 h2 72. Kf3 Kf5 73. Kg2 Nxf4+ 74. Kxh2 g5 75. Kg3 Ne2+
76. Kg2 Ke4 77. Re1 Kd3 78. Kf3 Nd4+ 79. Kg4 b3 80. Rh1 b2
81. Kxg5 Ne2 82. Rb1 Kc2 83. Rh1 Nc1 84. Rh2+ Kb3 85. Rh3+ Ka2
86. Rh2 Ka1 87. Rxb2 Kxb2 88. Kf6 Kc3 89. Ke6 Kc4 90. Kf5 d5
91. Kf4 Kd3 92. Ke5 d4 93. Kf4 Ke2 0-1

[Event "Mindsports"]
[Site "Beijing CHN"]
[Date "2008.10.16"]
[EventDate "2008.10.14"]
[Round "9"]
[Result "1-0"]
[White "Jennifer Shahade"]
[Black "Lina Stasiunaite"]
[WhiteElo "2322"]
[BlackElo "2148"]
[PlyCount "80"]

1. e4 c5 2. Nf3 Nc6 3. c3 d5 4. exd5 Qxd5 5. d4 e6 6. Be2 Nf6
7. O-O cxd4 8. cxd4 Be7 9. Nc3 Qd8 10. a3 O-O 11. Be3 a6
12. Rc1 h6 13. Bd3 Nd5 14. Nxd5 exd5 15. Bb1 Bg4 16. Qd3 f5
17. Ne5 Nxe5 18. dxe5 Qd7 19. Ba2 f4 20. Qxd5+ Kh8 21. Qxd7
Bxd7 22. Bd4 Bc6 23. f3 Rfd8 24. Rfd1 Ba4 25. Rd2 Rac8
26. Rxc8 Rxc8 27. g3 fxg3 28. hxg3 Rc1+ 29. Kg2 Bc6 30. Kf2
Ra1 31. Be6 Rh1 32. Kg2 Rc1 33. Bf5 Bg5 34. Rc2 Rd1 35. Bc3
Be3 36. Be4 Rg1+ 37. Kh2 Ba4 38. Re2 Bb6 39. e6 Bb5 40. Rd2
Re1 1-0